| 000 | 00454nam a2200193Ia 4500 | ||
|---|---|---|---|
| 005 | 20250423100548.0 | ||
| 008 | 250422s9999 xx 000 0 und d | ||
| 020 | _a0-87872-181-9 | ||
| 050 | _aJK274.027 | ||
| 100 | _aThomas G. Ingersoll | ||
| 245 | 0 | _aPolitics and structure | |
| 250 | _a2nd ed. | ||
| 260 | _aMassachusetts | ||
| 260 | _bDuxbury Press | ||
| 260 | _c1979 | ||
| 300 | _a310 p | ||
| 650 | _aPolitics And Government | ||
| 942 | _cBK | ||
| 999 |
_c33681 _d33681 |
||